000 00337nam a2200145Ia 4500
100 _aWheeler/ G.
650 _aGeneral
942 _cBK
654 _aInt. Painting and wallpapering
245 _aInterior Painting & Wallpapering
260 _bReston Publishing
_aVerginia
_c1974
082 _a698
300 _a171
546 _aENGLISH
999 _c30856
_d30856